[Event "DEM U14w 2006"]
[Site "Willingen GER"]
[Date "2006.06.07"]
[Round "6"]
[White "Voss, Chantal"]
[Black "Schöbel, Ulrike"]
[Result "1-0"]
[Termination "normal"]
[Board "13"]
[WhiteElo "1718"]
[BlackElo "1064"]
[PlyCount "91"]
[WhiteFideId "4664906"]
[EventCountry "GER"]
[EventRounds "9"]
[EventType "swiss"]
[EventDate "2006.06.03"]

1. d4 Nf6 2. c4 e6 3. Nc3 Bb4 4. Bg5 d5 5. e3 Nbd7 6. cxd5 Bxc3+ 7. bxc3 exd5
8. Bd3 O-O 9. Nf3 Re8 10. O-O c6 11. Qc2 h6 12. Bh4 b6 13. c4 dxc4 14. Bxc4 Bb7
15. Rad1 Qc7 16. Bg3 Qd8 17. Ne5 Qe7 18. Bxf7+ Kf8 19. Ng6+ Kxf7 20. Nxe7 Rxe7
21. Qf5 g6 22. Qd3 a5 23. Qb3+ Kg7 24. Rfe1 g5 25. f3 Rf8 26. Bd6 Rff7 27. Bxe7
Rxe7 28. e4 Nh5 29. d5 Nf4 30. dxc6 Bxc6 31. Qc3+ Ne5 32. g3 Nh5 33. Rd6 Be8
34. Rd5 Bf7 35. Rxe5 Rxe5 36. Qxe5+ Kf8 37. Qh8+ Ke7 38. Rd1 Be8 39. Qe5+ Kf8
40. Rd8 Ng7 41. Qf6+ Kg8 42. Qxh6 b5 43. Rb8 b4 44. Rb7 Bf7 45. Qf6 Bxa2 46.
Qxg7# 1-0

[Event "DEM U14w 2006"]
[Site "Willingen GER"]
[Date "2006.06.08"]
[Round "7"]
[White "Frey, Alisa"]
[Black "Endress, Anna"]
[Result "1-0"]
[Termination "normal"]
[Board "1"]
[WhiteElo "1877"]
[BlackElo "1949"]
[PlyCount "79"]
[WhiteFideId "24634662"]
[BlackFideId "24629472"]
[EventCountry "GER"]
[EventRounds "9"]
[EventType "swiss"]
[EventDate "2006.06.03"]

1. e4 c5 2. Nf3 e6 3. d4 cxd4 4. Nxd4 Nf6 5. Nc3 d6 6. Be3 Be7 7. f3 O-O 8. Qd2
Nc6 9. O-O-O a6 10. g4 Nxd4 11. Bxd4 Nd7 12. h4 b5 13. g5 Rb8 14. Rg1 b4 15.
Na4 Qa5 16. b3 Nc5 17. Nxc5 dxc5 18. Bb2 Qc7 19. Bc4 Rd8 20. Qf2 Bd7 21. Qg3
Qxg3 22. Rxg3 Bb5 23. Bxb5 axb5 24. Rgg1 c4 25. Be5 Ra8 26. Rxd8+ Rxd8 27. Rd1
Rxd1+ 28. Kxd1 f6 29. gxf6 gxf6 30. Bd4 Kg7 31. Ke2 Kh6 32. Kf2 Kh5 33. Kg3 e5
34. Be3 f5 35. exf5 Bxh4+ 36. Kh3 Bg5 37. Bc5 Bf4 38. Be7 Kh6 39. Kg4 Bd2 40.
Bf8# 1-0

[Event "DEM U14w 2006"]
[Site "Willingen GER"]
[Date "2006.06.08"]
[Round "7"]
[White "Hohmann, Louisa"]
[Black "Smolkina, Milana"]
[Result "0-1"]
[Termination "normal"]
[Board "2"]
[WhiteElo "1662"]
[BlackElo "1822"]
[PlyCount "66"]
[BlackFideId "24618780"]
[EventCountry "GER"]
[EventRounds "9"]
[EventType "swiss"]
[EventDate "2006.06.03"]

1. e4 e5 2. Nf3 Nc6 3. Bb5 Bc5 4. O-O Qf6 5. d3 Nd4 6. Nxd4 Bxd4 7. c3 Bb6 8.
Be3 Ne7 9. Nd2 Bxe3 10. fxe3 Qb6 11. Qb3 Qxe3+ 12. Kh1 f6 13. Nf3 Qb6 14. Nxe5
Rf8 15. Nc4 Qc5 16. d4 Qg5 17. Na3 b6 18. e5 Bb7 19. Qc2 O-O-O 20. exf6 Rxf6
21. Bd3 Qg4 22. Qe2 Rg6 23. Qxg4 Rxg4 24. Rf2 Nd5 25. Be2 Rg5 26. Bf3 Rf8 27.
c4 Nf6 28. Bxb7+ Kxb7 29. Nc2 Rh5 30. Raf1 Re8 31. h3 Ne4 32. Rf3 Nd2 33. Rf5
Nxf1 0-1

[Event "DEM U14w 2006"]
[Site "Willingen GER"]
[Date "2006.06.08"]
[Round "7"]
[White "Blübaum, Johanna"]
[Black "Bochis, Julia"]
[Result "0-1"]
[Termination "normal"]
[Board "3"]
[WhiteElo "1707"]
[BlackElo "1828"]
[PlyCount "72"]
[WhiteFideId "24647373"]
[BlackFideId "24647276"]
[EventCountry "GER"]
[EventRounds "9"]
[EventType "swiss"]
[EventDate "2006.06.03"]

1. d4 Nf6 2. c4 c5 3. d5 e6 4. Nc3 exd5 5. cxd5 d6 6. e4 g6 7. Be2 Bg7 8. Nf3
O-O 9. O-O a6 10. a4 Re8 11. Nd2 Nbd7 12. Qc2 Qc7 13. Nc4 Ne5 14. Nxe5 Rxe5 15.
Bf4 Re7 16. Rfe1 Bd7 17. Rad1 Rae8 18. e5 Rxe5 19. Bxe5 Rxe5 20. Bf3 Rxe1+ 21.
Rxe1 b5 22. axb5 axb5 23. Ra1 Qb7 24. Qd2 b4 25. Nd1 Bb5 26. Ne3 Bh6 27. Qd1
Nd7 28. Be2 Bxe3 29. fxe3 Bxe2 30. Qxe2 Qxd5 31. Rd1 Qe5 32. Qd2 Nf6 33. Qxd6
Qxe3+ 34. Kh1 Ne4 35. Qb8+ Kg7 36. Qe5+ Kh6 0-1

[Event "DEM U14w 2006"]
[Site "Willingen GER"]
[Date "2006.06.08"]
[Round "7"]
[White "Falke, Cynthia"]
[Black "Mertens, Pauline"]
[Result "0-1"]
[Termination "normal"]
[Board "4"]
[WhiteElo "1307"]
[BlackElo "1658"]
[PlyCount "60"]
[WhiteFideId "24600644"]
[BlackFideId "24671959"]
[EventCountry "GER"]
[EventRounds "9"]
[EventType "swiss"]
[EventDate "2006.06.03"]

1. e4 c5 2. Nc3 Nc6 3. g3 g6 4. Bg2 Bg7 5. d3 e6 6. Nge2 Nge7 7. Be3 Nd4 8. Qd2
O-O 9. O-O Rb8 10. Nd1 d6 11. c3 Nxe2+ 12. Qxe2 Bd7 13. f4 Bc6 14. Rc1 Qd7 15.
e5 dxe5 16. Bxc5 exf4 17. Rxf4 b6 18. Bxe7 Qxe7 19. Bxc6 Bh6 20. Qf2 e5 21. Qe2
Qc5+ 22. Rf2 Bxc1 23. Be4 Rfd8 24. Kh1 Bh6 25. h4 f5 26. Bg2 e4 27. b4 Qd6 28.
Nb2 exd3 29. Qd1 d2 30. Rf1 Qxg3 0-1

[Event "DEM U14w 2006"]
[Site "Willingen GER"]
[Date "2006.06.08"]
[Round "7"]
[White "Dorn, Carina"]
[Black "Penne, Bo"]
[Result "1-0"]
[Termination "normal"]
[Board "5"]
[WhiteElo "1588"]
[BlackElo "1867"]
[PlyCount "73"]
[WhiteFideId "24666335"]
[BlackFideId "24642193"]
[EventCountry "GER"]
[EventRounds "9"]
[EventType "swiss"]
[EventDate "2006.06.03"]

1. d4 d5 2. c4 e6 3. Nc3 Nf6 4. cxd5 exd5 5. Bg5 c6 6. e3 Nbd7 7. Bd3 Qa5 8.
Nge2 Bd6 9. O-O O-O 10. a3 Qc7 11. Bf4 Bxf4 12. Nxf4 a5 13. Rc1 Qd6 14. Nfe2
Re8 15. Qd2 Ng4 16. Ng3 Ndf6 17. h3 Nxe3 18. Rfe1 Nc4 19. Rxe8+ Nxe8 20. Qc2 g6
21. Nce4 dxe4 22. Bxc4 Qxd4 23. Rd1 Qf6 24. Nxe4 Qe7 25. Re1 Nd6 26. Qe2 Nxc4
27. Qxc4 Bd7 28. Qc3 Be6 29. Nf6+ Kf8 30. Nxh7+ Kg8 31. Nf6+ Kf8 32. Nd5 Qh4
33. Qc5+ Kg7 34. Nc7 Rc8 35. Nxe6+ fxe6 36. Rxe6 Rc7 37. Qe5+ 1-0

[Event "DEM U14w 2006"]
[Site "Willingen GER"]
[Date "2006.06.08"]
[Round "7"]
[White "Kohm, Vanessa"]
[Black "Mijatovic, Andrea"]
[Result "0-1"]
[Termination "normal"]
[Board "6"]
[WhiteElo "1562"]
[BlackElo "1913"]
[PlyCount "114"]
[WhiteFideId "4674472"]
[BlackFideId "14514524"]
[EventCountry "GER"]
[EventRounds "9"]
[EventType "swiss"]
[EventDate "2006.06.03"]

1. d4 d5 2. c4 e6 3. Nc3 c6 4. e3 Nf6 5. Nf3 Nbd7 6. Qc2 Be7 7. Be2 dxc4 8.
Bxc4 b5 9. Bd3 Bb7 10. O-O a6 11. Rd1 Qc7 12. Bd2 Rc8 13. Rac1 O-O 14. Ne2 c5
15. b3 Qb8 16. Qb1 Qa8 17. Ne1 Kh8 18. f3 h5 19. e4 cxd4 20. Nxd4 Bc5 21. Be3
Qa7 22. Nec2 e5 23. Nf5 g6 24. Bxc5 Nxc5 25. Nfe3 Nxd3 26. Rxd3 Nxe4 27. fxe4
Bxe4 28. Rcd1 Bxd3 29. Rxd3 e4 30. Rd4 Rxc2 31. Nxc2 Rc8 32. Kh1 Qc5 33. Qa1
Kh7 34. Rd2 Qg5 35. Rf2 f5 36. Qd1 Rd8 37. Qe1 Re8 38. Re2 Rd8 39. Nb4 Qf6 40.
h3 Qe6 41. Qc1 Qd6 42. Nxa6 Rd7 43. Nc5 Rc7 44. b4 Qe7 45. Qf4 Rc8 46. Rd2 Rd8
47. Kg1 Rxd2 48. Qxd2 e3 49. Qd7 Qxd7 50. Nxd7 Kg7 51. Kf1 Kf7 52. Nc5 Kf6 53.
Ke2 f4 54. h4 Ke5 55. Kf3 Kd4 56. Kxf4 e2 57. Nb3+ Kc3 0-1

[Event "DEM U14w 2006"]
[Site "Willingen GER"]
[Date "2006.06.08"]
[Round "7"]
[White "Müller, Anna-Louise"]
[Black "Becher, Anne"]
[Result "0-1"]
[Termination "normal"]
[Board "7"]
[WhiteElo "1432"]
[BlackElo "1555"]
[PlyCount "88"]
[WhiteFideId "4633512"]
[EventCountry "GER"]
[EventRounds "9"]
[EventType "swiss"]
[EventDate "2006.06.03"]

1. Nf3 d6 2. g3 e5 3. d3 f5 4. e4 fxe4 5. dxe4 Nf6 6. Bg5 h6 7. Bxf6 Qxf6 8.
Nh4 g6 9. Bg2 Be7 10. Qf3 Qxf3 11. Nxf3 Nd7 12. Nc3 Nf6 13. O-O-O Be6 14. h3 c6
15. Kb1 b5 16. Nh4 g5 17. Ng6 Rg8 18. Nxe7 Kxe7 19. a3 a5 20. b3 Nd7 21. Rd2
Nc5 22. Rhd1 Rgd8 23. Ne2 Nb7 24. f4 gxf4 25. gxf4 Rg8 26. Bf1 b4 27. axb4 axb4
28. fxe5 dxe5 29. Rd3 Ra5 30. Ng3 Nc5 31. Rf3 Rga8 32. Kc1 Ra1+ 33. Kd2 Rd8+
34. Bd3 Rxd1+ 35. Kxd1 Bxh3 36. Ke1 Nxd3+ 37. cxd3 Rf8 38. Rxf8 Kxf8 39. Ne2
Kf7 40. Kf2 Be6 41. Nc1 Kg6 42. Kg2 Kg5 43. Kg3 c5 44. Kf3 Kh4 0-1

[Event "DEM U14w 2006"]
[Site "Willingen GER"]
[Date "2006.06.08"]
[Round "7"]
[White "Garny, Annica"]
[Black "Stitterich, Nadine"]
[Result "1/2-1/2"]
[Termination "normal"]
[Board "8"]
[WhiteElo "1195"]
[BlackElo "1470"]
[PlyCount "88"]
[WhiteFideId "24600660"]
[BlackFideId "24676527"]
[EventCountry "GER"]
[EventRounds "9"]
[EventType "swiss"]
[EventDate "2006.06.03"]

1. e4 e5 2. Nf3 Nc6 3. Bc4 Bc5 4. d3 Nf6 5. Nc3 d6 6. Be3 Bb6 7. Qd2 Be6 8. Bb3
O-O 9. Bg5 Na5 10. Bxe6 fxe6 11. O-O Nc6 12. Na4 Ba5 13. Qe2 Qd7 14. Nc3 Bb6
15. Rac1 Rae8 16. Nd1 d5 17. c3 d4 18. Bh4 Nh5 19. a3 Nf4 20. Qd2 dxc3 21. Rxc3
Bd4 22. Rb3 b6 23. a4 Bc5 24. Bg3 Ng6 25. d4 exd4 26. Rd3 e5 27. Qg5 Qe6 28. h3
Qf6 29. Qg4 Qe6 30. Qg5 Be7 31. Qc1 Bc5 32. Qg5 Nb4 33. Rd2 Be7 34. Qh5 Bf6 35.
Ng5 Bxg5 36. Qxg5 Nc6 37. f3 Qe7 38. Qxe7 Ngxe7 39. b3 Rc8 40. Nb2 Na5 41. Bxe5
Nxb3 42. Rd3 Nc5 43. Rxd4 Rfe8 44. Bg3 Nc6 1/2-1/2

[Event "DEM U14w 2006"]
[Site "Willingen GER"]
[Date "2006.06.08"]
[Round "7"]
[White "Schultheiß, Vera"]
[Black "Nguyen Minh, Thuy"]
[Result "0-1"]
[Termination "normal"]
[Board "9"]
[WhiteElo "1370"]
[BlackElo "1527"]
[PlyCount "102"]
[BlackFideId "24672688"]
[EventCountry "GER"]
[EventRounds "9"]
[EventType "swiss"]
[EventDate "2006.06.03"]

1. e4 c5 2. Nf3 Nc6 3. d4 cxd4 4. Nxd4 g6 5. Nc3 Bg7 6. Be3 d6 7. Qd2 a6 8.
O-O-O Bd7 9. Kb1 Rc8 10. Be2 Ne5 11. h4 h5 12. f3 Nc4 13. Bxc4 Rxc4 14. b3 Rc8
15. Rdg1 Nf6 16. Nd5 Nxd5 17. exd5 b5 18. Ne2 Bf5 19. Rc1 Qc7 20. Bd4 Bh6 21.
f4 O-O 22. Ng3 Bg4 23. Nf1 e5 24. dxe6 fxe6 25. g3 e5 26. Be3 exf4 27. gxf4 Bg7
28. Nh2 Bf5 29. Nf3 Be4 30. Rhf1 Bc3 31. Qe2 Bxf3 32. Rxf3 Qg7 33. Bd2 Rfe8 34.
Bxc3 Rxe2 35. Bxg7 Kxg7 36. Rd3 Rd8 37. Rg1 Kh7 38. Rg5 Rf2 39. Rd4 d5 40. Re5
Rf8 41. Rdxd5 R2xf4 42. Re6 R8f6 43. Rdd6 Rxe6 44. Rxe6 Rxh4 45. Rxa6 Rf4 46.
Rd6 h4 47. Rd2 h3 48. Rh2 Rh4 49. a4 bxa4 50. bxa4 g5 51. Kc1 g4 0-1

[Event "DEM U14w 2006"]
[Site "Willingen GER"]
[Date "2006.06.08"]
[Round "7"]
[White "Kinzel, Tiffany"]
[Black "Voss, Chantal"]
[Result "1/2-1/2"]
[Termination "normal"]
[Board "10"]
[WhiteElo "1385"]
[BlackElo "1718"]
[PlyCount "139"]
[WhiteFideId "4633741"]
[BlackFideId "4664906"]
[EventCountry "GER"]
[EventRounds "9"]
[EventType "swiss"]
[EventDate "2006.06.03"]

1. Nc3 e6 2. e4 d5 3. exd5 exd5 4. d4 Bb4 5. Bd3 Nc6 6. Nge2 Nge7 7. O-O Bf5 8.
Bf4 a6 9. Qd2 O-O 10. Rae1 Bg6 11. a3 Ba5 12. b4 Bb6 13. Bxg6 fxg6 14. Nd1 Qd7
15. c3 Nf5 16. Ng3 Nd6 17. Bxd6 Qxd6 18. Nb2 Ba7 19. Nd3 Rf7 20. f4 Raf8 21.
Ne5 Nxe5 22. fxe5 Rxf1+ 23. Rxf1 Qxe5 24. Rxf8+ Kxf8 25. Qf2+ Qf6 26. Ne2 c6
27. Nc1 Bb8 28. Nd3 b6 29. Qe3 Qe7 30. Qf2+ Kg8 31. h3 Qe4 32. Qd2 Bg3 33. Qd1
Qe3+ 34. Kf1 Bh2 35. Qf3 Qxf3+ 36. gxf3 g5 37. Kg2 Bd6 38. Kf2 Kf7 39. Ke3 Kf6
40. Kf2 Kf5 41. Kf1 Bf4 42. Ke2 h5 43. a4 Bc7 44. Ke3 g4 45. fxg4+ hxg4 46.
hxg4+ Kxg4 47. Ne5+ Bxe5 48. dxe5 Kf5 49. Kd4 g5 50. b5 cxb5 51. Kxd5 bxa4 52.
Kd6 a3 53. e6 a2 54. e7 a1=Q 55. e8=Q Qa3+ 56. Kc7 Qxc3+ 57. Kxb6 Qf6+ 58. Kb7
g4 59. Qd7+ Kf4 60. Qd2+ Kg3 61. Qe1+ Qf2 62. Qe5+ Kg2 63. Kxa6 g3 64. Ka5 Kf1
65. Qb5+ Qe2 66. Qf5+ Kg1 67. Qb1+ Qf1 68. Qb6+ Kh2 69. Qh6+ Qh3 70. Qf4
1/2-1/2

[Event "DEM U14w 2006"]
[Site "Willingen GER"]
[Date "2006.06.08"]
[Round "7"]
[White "Micklich, Rahel"]
[Black "Rummer, Bärbel"]
[Result "1/2-1/2"]
[Termination "normal"]
[Board "11"]
[WhiteElo "1785"]
[BlackElo "1312"]
[PlyCount "60"]
[WhiteFideId "24639184"]
[BlackFideId "12900109"]
[EventCountry "GER"]
[EventRounds "9"]
[EventType "swiss"]
[EventDate "2006.06.03"]

1. d4 Nf6 2. c4 e6 3. Nc3 Bb4 4. Qc2 c5 5. dxc5 Qa5 6. Bd2 Qxc5 7. e3 Nc6 8.
Nf3 Ne7 9. Bd3 d5 10. cxd5 Nexd5 11. Rc1 O-O 12. O-O Qd6 13. Nb5 Qe7 14. e4
Bxd2 15. Qxd2 Nb6 16. Rc7 Qd8 17. Rfc1 a6 18. Na3 Ne8 19. R7c3 Bd7 20. Bb1 Nf6
21. Qc2 g6 22. Qd2 Bc6 23. Qf4 Re8 24. Ne5 Rc8 25. g4 Rf8 26. Re1 Nbd5 27. exd5
Nxd5 28. Qg3 Nxc3 29. Qxc3 Bd5 30. Qe3 Qc7 1/2-1/2

[Event "DEM U14w 2006"]
[Site "Willingen GER"]
[Date "2006.06.08"]
[Round "7"]
[White "Schöbel, Ulrike"]
[Black "Wisheckel, Lena"]
[Result "1/2-1/2"]
[Termination "normal"]
[Board "12"]
[WhiteElo "1064"]
[BlackElo "1545"]
[PlyCount "59"]
[BlackFideId "24691992"]
[EventCountry "GER"]
[EventRounds "9"]
[EventType "swiss"]
[EventDate "2006.06.03"]

1. d4 d5 2. e3 Nf6 3. Nf3 g6 4. Bd3 Bg7 5. Nbd2 O-O 6. O-O Bf5 7. Qe2 Nbd7 8.
Re1 c5 9. c3 Bxd3 10. Qxd3 c4 11. Qe2 Re8 12. e4 e5 13. exd5 exd4 14. Qxc4
Rxe1+ 15. Nxe1 dxc3 16. Qxc3 Nb6 17. Qf3 Qxd5 18. Qxd5 Nfxd5 19. Ndf3 Nc4 20.
Rb1 b6 21. Nd3 Rd8 22. Bg5 Rd6 23. Nfe1 h6 24. Bh4 Re6 25. b3 Na3 26. Rd1 Nc3
27. Rd2 Ncb1 28. Rd1 h5 29. Bg5 Bf6 30. Be3 1/2-1/2

[Event "DEM U14w 2006"]
[Site "Willingen GER"]
[Date "2006.06.09"]
[Round "8"]
[White "Smolkina, Milana"]
[Black "Bochis, Julia"]
[Result "1/2-1/2"]
[Termination "normal"]
[Board "1"]
[WhiteElo "1822"]
[BlackElo "1828"]
[PlyCount "48"]
[WhiteFideId "24618780"]
[BlackFideId "24647276"]
[EventCountry "GER"]
[EventRounds "9"]
[EventType "swiss"]
[EventDate "2006.06.03"]

1. d4 Nf6 2. e3 e6 3. Bd3 c5 4. c3 Be7 5. f4 d6 6. Nf3 Nbd7 7. O-O a6 8. a4 b6
9. Nbd2 Bb7 10. Qe1 O-O 11. e4 cxd4 12. cxd4 Rc8 13. Qe2 Nb8 14. b3 a5 15. Ba3
Nc6 16. Rac1 d5 17. Bxe7 Qxe7 18. e5 Nd7 19. Bxh7+ Kxh7 20. Ng5+ Kg6 21. Qd3+
f5 22. exf6+ Kxf6 23. Nh7+ Kf7 24. Nxf8 Kxf8 1/2-1/2

[Event "DEM U14w 2006"]
[Site "Willingen GER"]
[Date "2006.06.09"]
[Round "8"]
[White "Endress, Anna"]
[Black "Mijatovic, Andrea"]
[Result "1-0"]
[Termination "normal"]
[Board "2"]
[WhiteElo "1949"]
[BlackElo "1913"]
[PlyCount "76"]
[WhiteFideId "24629472"]
[BlackFideId "14514524"]
[EventCountry "GER"]
[EventRounds "9"]
[EventType "swiss"]
[EventDate "2006.06.03"]

1. e4 c5 2. Nc3 d6 3. g3 e6 4. Bg2 g6 5. d3 Bg7 6. Be3 Ne7 7. Qd2 Nbc6 8. f4 b6
9. Nge2 Bb7 10. O-O O-O 11. Rad1 d5 12. exd5 Nxd5 13. Nxd5 exd5 14. d4 cxd4 15.
Nxd4 Re8 16. Nxc6 Bxc6 17. Bd4 Bxd4+ 18. Qxd4 Re6 19. Bxd5 Bxd5 20. Qxd5 Qxd5
21. Rxd5 Re2 22. Rf2 Rae8 23. Rd2 R2e6 24. Kf1 Re1+ 25. Kg2 f5 26. Rd7 R1e7 27.
Rxe7 Rxe7 28. Kf3 Kf7 29. Re2 Rxe2 30. Kxe2 Ke6 31. Kd3 Kd5 32. b4 b5 33. a3 a6
34. h3 h6 35. h4 h5 36. c3 Kd6 37. Kd4 Kc6 38. Ke5 Kd7 1-0

[Event "DEM U14w 2006"]
[Site "Willingen GER"]
[Date "2006.06.09"]
[Round "8"]
[White "Frey, Alisa"]
[Black "Blübaum, Johanna"]
[Result "0-1"]
[Termination "normal"]
[Board "3"]
[WhiteElo "1877"]
[BlackElo "1707"]
[PlyCount "116"]
[WhiteFideId "24634662"]
[BlackFideId "24647373"]
[EventCountry "GER"]
[EventRounds "9"]
[EventType "swiss"]
[EventDate "2006.06.03"]

1. e4 e6 2. d4 d5 3. Nc3 Bb4 4. exd5 exd5 5. Bd3 Nf6 6. Bg5 O-O 7. Qf3 Bxc3+ 8.
bxc3 Qe8+ 9. Ne2 Ne4 10. Be3 Nd7 11. c4 c6 12. cxd5 cxd5 13. Nf4 Nef6 14. Nxd5
Nxd5 15. Qxd5 Nf6 16. Qf3 Ng4 17. O-O Nxe3 18. Qxe3 Qc6 19. Qe4 Qxe4 20. Bxe4
Rb8 21. Rfe1 Rd8 22. Rad1 Bd7 23. c4 f5 24. Bc2 Kf8 25. d5 Rbc8 26. Bb3 b5 27.
cxb5 Bxb5 28. Rc1 Ba6 29. f3 Rxc1 30. Rxc1 Ke7 31. Re1+ Kf8 32. Kf2 Bb7 33. Rd1
Ke7 34. Ke3 Kd6 35. Kd4 Re8 36. Rc1 g6 37. Rc2 Re1 38. Rd2 Re5 39. Rc2 Re1 40.
Rb2 f4 41. Bc4 Re7 42. Rb5 Rc7 43. Bd3 Re7 44. Be4 Rc7 45. g3 Ba6 46. Ra5 Rc4+
47. Kd3 Ra4+ 48. Rxa6+ Rxa6 49. gxf4 Rxa2 50. f5 gxf5 51. Bxf5 Rxh2 52. Kc4 h5
53. Be4 Rf2 54. Kb5 h4 55. Ka6 Ra2+ 56. Kb5 h3 57. Kc4 Ra4+ 58. Kd3 Rxe4 0-1

[Event "DEM U14w 2006"]
[Site "Willingen GER"]
[Date "2006.06.09"]
[Round "8"]
[White "Mertens, Pauline"]
[Black "Hohmann, Louisa"]
[Result "1-0"]
[Termination "normal"]
[Board "4"]
[WhiteElo "1658"]
[BlackElo "1662"]
[PlyCount "79"]
[WhiteFideId "24671959"]
[EventCountry "GER"]
[EventRounds "9"]
[EventType "swiss"]
[EventDate "2006.06.03"]

1. e4 e5 2. d4 exd4 3. Qxd4 Nc6 4. Qe3 d6 5. Bd2 Nf6 6. Nc3 Be6 7. O-O-O Qd7 8.
f3 O-O-O 9. Bb5 Kb8 10. Nge2 Qe8 11. Be1 Be7 12. Bf2 a6 13. Ba4 Bd7 14. Rhe1 b6
15. Nf4 Ne5 16. Bb3 Bc6 17. Nfd5 Bb7 18. h3 Nc6 19. Bc4 Ne5 20. Bf1 Nc6 21. Kb1
Qd7 22. Bg3 Nh5 23. Bh2 Bh4 24. Re2 Be7 25. Red2 Nf6 26. e5 Nxd5 27. Nxd5 Rhe8
28. Qc3 Qe6 29. Nxc7 Kxc7 30. exd6+ Kc8 31. d7+ Rxd7 32. Rxd7 Qxd7 33. Rxd7
Kxd7 34. Qd2+ Kc8 35. a3 Rd8 36. Bd3 g6 37. Qc3 Kd7 38. Qc4 Rf8 39. Qf4 Ba8 40.
Bxa6 1-0

[Event "DEM U14w 2006"]
[Site "Willingen GER"]
[Date "2006.06.09"]
[Round "8"]
[White "Nguyen Minh, Thuy"]
[Black "Dorn, Carina"]
[Result "1/2-1/2"]
[Termination "normal"]
[Board "5"]
[WhiteElo "1527"]
[BlackElo "1588"]
[PlyCount "97"]
[WhiteFideId "24672688"]
[BlackFideId "24666335"]
[EventCountry "GER"]
[EventRounds "9"]
[EventType "swiss"]
[EventDate "2006.06.03"]

1. e4 e6 2. d4 d5 3. Nc3 Bb4 4. e5 Qd7 5. a3 Bxc3+ 6. bxc3 b6 7. c4 dxc4 8.
Bxc4 Ba6 9. Bxa6 Nxa6 10. Be3 Ne7 11. f4 Nd5 12. Bd2 c5 13. c4 Ne7 14. Bc3 cxd4
15. Qxd4 Qxd4 16. Bxd4 Rc8 17. Rc1 Nf5 18. Bf2 Nc5 19. Ke2 Nb3 20. Rc3 Na5 21.
Kd3 O-O 22. c5 Rfd8+ 23. Kc2 Ne7 24. cxb6 Rxc3+ 25. Kxc3 Nd5+ 26. Kc2 axb6 27.
Ne2 Nc4 28. Kb3 Rc8 29. Rc1 b5 30. g3 Kf8 31. h3 Ke7 32. Be1 Kd7 33. Bb4 Kc6
34. Be1 Ra8 35. Nd4+ Kb6 36. Nc2 Rc8 37. Bf2+ Ka6 38. Rd1 Na5+ 39. Kb2 Nc4+ 40.
Kb3 Kb7 41. Nd4 Na5+ 42. Kb2 Ka6 43. Nc2 Nc4+ 44. Kb3 Ka5 45. Nb4 Ncb6 46.
Bxb6+ Nxb6 47. Rd6 Rc7 48. Nc6+ Ka6 49. Nb4+ 1/2-1/2

[Event "DEM U14w 2006"]
[Site "Willingen GER"]
[Date "2006.06.09"]
[Round "8"]
[White "Penne, Bo"]
[Black "Garny, Annica"]
[Result "1/2-1/2"]
[Termination "normal"]
[Board "7"]
[WhiteElo "1867"]
[BlackElo "1195"]
[PlyCount "105"]
[WhiteFideId "24642193"]
[BlackFideId "24600660"]
[EventCountry "GER"]
[EventRounds "9"]
[EventType "swiss"]
[EventDate "2006.06.03"]

1. e4 e5 2. Nf3 Nc6 3. d4 exd4 4. Nxd4 Nf6 5. Nxc6 bxc6 6. Bd3 d5 7. exd5 cxd5
8. O-O Bc5 9. Re1+ Be6 10. Bb5+ Kf8 11. h3 Ne4 12. Rf1 Qf6 13. Qf3 Qxf3 14.
gxf3 Nf6 15. Kg2 Rb8 16. Bd3 c6 17. b3 Bd4 18. c3 Bb6 19. Bf4 Rd8 20. Rd1 h6
21. Na3 Nh5 22. Be5 f6 23. Bh2 g5 24. Re1 Bc8 25. Nc2 Kf7 26. Re2 Rde8 27. Rae1
Rxe2 28. Rxe2 Re8 29. Nd4 Bxd4 30. cxd4 Nf4+ 31. Bxf4 gxf4 32. Rc2 Bd7 33. Rc5
Ke7 34. Ra5 Ra8 35. Ba6 Kd6 36. h4 Rg8+ 37. Kh2 Rg7 38. Bd3 Be6 39. b4 Bc8 40.
a4 Ke6 41. b5 cxb5 42. Bxb5 Rc7 43. Bf1 f5 44. Kg2 Rg7+ 45. Kh2 Rc7 46. Ba6 Bd7
47. Bd3 Bc8 48. Kg2 Kd6 49. Ba6 Be6 50. Be2 Bc8 51. Ba6 Be6 52. Be2 Bc8 53. Ba6
1/2-1/2

[Event "DEM U14w 2006"]
[Site "Willingen GER"]
[Date "2006.06.09"]
[Round "8"]
[White "Müller, Anna-Louise"]
[Black "Falke, Cynthia"]
[Result "1-0"]
[Termination "normal"]
[Board "8"]
[WhiteElo "1432"]
[BlackElo "1307"]
[PlyCount "61"]
[WhiteFideId "4633512"]
[BlackFideId "24600644"]
[EventCountry "GER"]
[EventRounds "9"]
[EventType "swiss"]
[EventDate "2006.06.03"]

1. e4 e5 2. Nf3 Nc6 3. d4 exd4 4. Bc4 Nf6 5. O-O Be7 6. Nxd4 Nxd4 7. Qxd4 O-O
8. Nc3 d6 9. b3 b6 10. Bb2 Bb7 11. Rad1 a6 12. Nd5 b5 13. Be2 c5 14. Nxe7+ Qxe7
15. Qxd6 Qxd6 16. Rxd6 Nxe4 17. Rb6 Ra7 18. Rd1 Ba8 19. f3 Ng5 20. Rbd6 Ne6 21.
a4 Rb8 22. Be5 Re8 23. axb5 axb5 24. Bxb5 Rb8 25. Rxe6 fxe6 26. Bxb8 Rb7 27.
Rd8+ Kf7 28. Bc6 Rxb8 29. Rxb8 Bxc6 30. Rc8 Bd5 31. Rxc5 1-0

[Event "DEM U14w 2006"]
[Site "Willingen GER"]
[Date "2006.06.09"]
[Round "8"]
[White "Kohm, Vanessa"]
[Black "Kinzel, Tiffany"]
[Result "1-0"]
[Termination "normal"]
[Board "9"]
[WhiteElo "1562"]
[BlackElo "1385"]
[PlyCount "129"]
[WhiteFideId "4674472"]
[BlackFideId "4633741"]
[EventCountry "GER"]
[EventRounds "9"]
[EventType "swiss"]
[EventDate "2006.06.03"]

1. e4 c5 2. Nf3 d6 3. d4 cxd4 4. Nxd4 Nf6 5. Nc3 a6 6. Be3 e5 7. Nb3 Be6 8. a4
Be7 9. Be2 O-O 10. O-O Qc7 11. a5 Nbd7 12. Kh1 Rfd8 13. f4 Nc5 14. f5 Bxb3 15.
cxb3 Qc6 16. Rc1 Ncxe4 17. Bf3 Nxc3 18. Rxc3 Qd7 19. Bb6 Rdc8 20. Re3 Rcb8 21.
Rf2 Bd8 22. Rd2 Bxb6 23. Rxd6 Qxf5 24. axb6 e4 25. Be2 Rc8 26. h3 h6 27. Bc4
Rc5 28. Rd8+ Rxd8 29. Qxd8+ Kh7 30. Bxf7 Rc1+ 31. Kh2 Qf4+ 32. Rg3 Ng4+ 33.
hxg4 Qxf7 34. Qd4 Qf4 35. Qe3 Qe5 36. g5 Rc6 37. gxh6 Rxh6+ 38. Kg1 Qe6 39. Qd4
Qxb6 40. Rxg7+ Kh8 41. Rd7+ Qf6 42. Qxe4 Qb6+ 43. Qd4+ Qxd4+ 44. Rxd4 Rb6 45.
Rd3 Kg7 46. Kf2 Kf6 47. Kg3 Ke5 48. Rf3 a5 49. Kh4 a4 50. g4 Ke4 51. Rc3 Kd4
52. g5 Rxb3 53. Rxb3 axb3 54. g6 Kd3 55. g7 Kc2 56. g8=Q Kxb2 57. Qg2+ Kc1 58.
Qf1+ Kd2 59. Qb1 Kc3 60. Kg4 b5 61. Kf3 b2 62. Ke2 Kb3 63. Kd2 b4 64. Kd3 Ka3
65. Kc2 1-0

[Event "DEM U14w 2006"]
[Site "Willingen GER"]
[Date "2006.06.09"]
[Round "8"]
[White "Voss, Chantal"]
[Black "Rummer, Bärbel"]
[Result "0-1"]
[Termination "normal"]
[Board "10"]
[WhiteElo "1718"]
[BlackElo "1312"]
[PlyCount "100"]
[WhiteFideId "4664906"]
[BlackFideId "12900109"]
[EventCountry "GER"]
[EventRounds "9"]
[EventType "swiss"]
[EventDate "2006.06.03"]

1. d4 Nf6 2. c4 e6 3. Nc3 Bb4 4. a3 Bxc3+ 5. bxc3 c5 6. e3 Qa5 7. Qc2 Nc6 8.
Nf3 d6 9. Bd3 Ne7 10. O-O Ng6 11. Bb2 Qc7 12. Rae1 O-O 13. Ng5 Bd7 14. Ne4 Nxe4
15. Bxe4 f5 16. Bd3 Bc6 17. f3 Rf6 18. d5 Bd7 19. f4 Raf8 20. g3 exd5 21. cxd5
c4 22. Be2 Qc5 23. Bf3 Re8 24. Qd2 Ne7 25. Kg2 Nc8 26. h3 h6 27. g4 fxg4 28.
hxg4 Rg6 29. Qc2 Ne7 30. f5 Bxf5 31. e4 Bxg4 32. Bxg4 Rxg4+ 33. Kh2 Qc8 34. Qf2
Ng6 35. Re3 Rexe4 36. Rf3 Rh4+ 37. Kg2 Reg4+ 38. Rg3 Rxg3+ 39. Qxg3 Rg4 40. Bc1
Rxg3+ 41. Kxg3 Qc5 42. Rd1 Ne7 43. Kf3 Nxd5 44. Bd2 Qxa3 45. Rg1 Kf7 46. Rf1
Nxc3 47. Kg4+ Kg6 48. Kh4 Ne4 49. Rg1+ Kh7 50. Rg4 g5+ 0-1